000 00712nam a2200253Ia 4500
003 OSt
005 20221006144929.0
006 a|||||r|||| 00| 0
007 ta
008 221006b |||||||| |||| 00| 0 eng d
020 _c244.00
024 _a13,231
037 _cTextual
040 _aEASL
_cEASL
_beng
041 _2eng
_aeng
082 _aV41,21y7N19, M4
100 _aSHAMBAUGH David L
_9653161
245 0 _aMaking of a premier
_b Zhao Ziyangs provinicial career
260 _aBoulder
_bWestview Press
_c1984
300 _a157p.
_ccm.
490 _v CEL
_aWestview Replica Editions
942 _hV41,21y7N19, M4
_cTEXL
_2CC
999 _c1081317
_d1081317